Guess the least used letter in U.S State name - Statistics

General Stats
  • This quiz has been taken 116 times
  • The average score is 6 of 9
Answer Stats
# Answer % Correct
1 Z
90%
2 X
84%
0 Q
83%
4 W
82%
4 V
70%
3 P
60%
1 F
57%
1 J
53%
2 B
47%
No matching quizzes found
Score Distribution
Percent of People with Each Score
Percentile by Number Answered
Your Score History
You have not taken this quiz